| 000 | 00583nam a2200193Ia 4500 | ||
|---|---|---|---|
| 005 | 20260114185638.0 | ||
| 008 | 008 260114s9999 xx 000 0 eng d | ||
| 020 | _a9781474284790 | ||
| 037 | _aEBOOK | ||
| 040 |
_aCRL _beng _cCRL |
||
| 041 |
_aeng _2eng |
||
| 084 | _qCRL | ||
| 100 |
_aJohn Fisher _9872620 |
||
| 245 | 0 | _aGovernment and Society in Colonial Peru The Intendant System 1784-1814 | |
| 260 |
_bBloomsbury _c2015 |
||
| 856 | _uhttps://doi.org/10.5040/9781474284790?locatt=label:secondary_bloomsburyCollections | ||
| 942 | _cEBOOK | ||
| 999 |
_c1471568 _d1471568 |
||